000 00307nam a22001337a 4500
008 170714b xxu||||| |||| 00| 0 eng d
020 _a9780872201927
041 _aeng
080 _23RD
_a101
100 _a24
101 _aFJA
245 _aMEDITATIONS ON FIRST PHILOSOPHY
_cDESCARTES,R
942 _2udc
_cBK
999 _c20724
_d20724